000 00333nam a2200121Ia 4500
005 20251222141959.0
008 251222s9999||||xx |||||||||||||| ||spa||
082 _a322.098.5/H44
100 _aHernández Camarero, Max
245 0 _aDoce Años del Acuerdo Nacional
264 _bSecretaría Ejecutiva del Acuerdo Nacional
942 _cLIB
999 _c9934
_d9934